| 000 | 00566nam a2200181 i 4500 | ||
|---|---|---|---|
| 001 | 59158 | ||
| 003 | ES-MaACL | ||
| 005 | 20230906163958.0 | ||
| 007 | t| | ||
| 008 | 031027s1930 ua ||||1| eng d | ||
| 100 | 1 |
_aElías, Elías A. _946958 |
|
| 245 | 1 | 0 |
_aElías' modern dictionary arabic-english / _cby Elías A. Elías. |
| 250 | _a2nd ed., rev. and enl. | ||
| 260 |
_aCairo : _bElías Modern Press, _c1930. |
||
| 300 |
_a741 p., 3 lám. : _bil. ; _c24 cm. |
||
| 650 | 4 |
_aLengua árabe- _vDiccionarios- _xInglés. _9162357 |
|
| 852 |
_aES-MaACL _jE-1968 _bR.22922 |
||
| 999 |
_c59158 _d59158 |
||